[Event "3rd Sharjah Masters 2019"]
[Site "Sharjah"]
[Date "2019.03.29"]
[Round "8.23"]
[White "Dimakiling, Oliver"]
[Black "Harsha, Bharathakoti"]
[Result "1/2-1/2"]
[WhiteElo "2423"]
[BlackElo "2497"]
[Annotator "TA"]
[PlyCount "144"]
[EventDate "2019.03.22"]
[EventType "swiss"]
[EventCountry "UAE"]
[SourceTitle "playchess.com"]
[Source "ChessBase"]
[SourceQuality "1"]

{[%evp 13,144,-30,-8,-51,-33,-50,-16,-7,0,-41,-20,-27,-16,-24,-30,-46,-37,-51,-59,-47,-8,-3,0,0,15,6,14,0,11,-20,-26,-35,6,-101,-98,-103,-100,-192,-143,-183,-108,-113,-96,-113,-33,-81,-75,-75,-75,-81,-70,-83,-77,-77,-79,-79,-80,-79,-73,-73,-73,-72,-72,-72,-72,-72,-36,-76,-72,-71,-68,-110,-114,-232,-15,-15,-11,-21,-23,-24,-27,-21,-21,-102,-110,-120,0,-16,-26,-150,-135,-130,-57,-65,0,-145,-20,-20,-20,-22,-22,-20,-20,-20,0,-18,-18,-26,0,0,0,-26,0,-72,0,0,0,-18,0,-26,-26,-26,-26,-26,-22,-32,-32,-38,-22,-22,-14,-14,-14]} 1. g3 d5 2. Bg2 Nf6 3. d3 c5 4. f4 Nc6 5. Nf3 g6 6. O-O Bg7 7. c3 O-O 8. Nh4 {A03: Bird's Opening with 1...d5} (8. Na3 Re8 9. Nh4 b6 10. e4 dxe4 11. Qa4 Qxd3 12. Qxc6 Bd7 13. Qc7 Ng4 14. Re1 Bd4+ 15. cxd4 Qxd4+ 16. Be3 Nxe3 {1-0 (58) Carlsen,M (2837)-Adams,M (2715) London 2017}) 8... d4 9. e4 dxe3 $146 ({Predecessor:} 9... e5 10. f5 dxc3 11. bxc3 c4 12. dxc4 Na5 13. Qxd8 Rxd8 14. Bg5 Rf8 15. Na3 b6 {1-0 (59) Curdo,J (2253)-Enkin,M (2038) Manchester 2003}) 10. Bxe3 Qd6 11. Kh1 b6 12. Na3 Bb7 13. d4 cxd4 14. Bxd4 Rad8 (14... Nxd4 $6 15. Bxb7 Rab8 16. Bg2 $14) 15. Bg1 Qc7 16. Qe2 Na5 17. Nf3 Bd5 {[#]} 18. c4 $1 {[%mdl 512]} Be4 (18... Nxc4 $2 19. Rac1 $18) 19. Rfd1 Nc6 20. Nb5 Qc8 21. c5 bxc5 22. Bxc5 Qf5 (22... Qa6 $5 {[%cal Re4d3]} 23. a4 Rxd1+ 24. Rxd1 Bd5 $11) 23. Rac1 (23. Bg1 $1 $11) 23... Rxd1+ $1 $17 24. Qxd1 Rd8 25. Qe1 (25. Qg1 $17) 25... Qh5 26. Ng5 Bxg2+ (26... Ng4 27. h3 $11) (26... Bd5 $1 $19 27. Bxd5 Nxd5) 27. Kxg2 h6 28. Nf3 {[#]} Qd5 (28... Rd3 $6 29. Qe2 $11) (28... e5 $1 $17 {[%mdl 512]} 29. fxe5 (29. Nxe5 Nxe5) 29... Nd7) 29. Nxa7 Nxa7 30. Bxa7 Qxa2 31. Bd4 Qa8 32. Be5 Ng4 33. Bxg7 Rd3 34. Qe2 Re3 35. Qd1 {Bd4 is the strong threat.} Kxg7 36. h3 Nf6 37. Rc3 Re4 38. Qd3 Qa2 39. Rc2 Rb4 40. Qc3 Qa4 41. Re2 Rb3 42. Qe5 Qc6 43. Rf2 (43. Re3 $17) 43... Kg8 $2 (43... Qb7 $1 $19 44. Qe1 Ne4) 44. Qxe7 $11 Ne4 45. Qd8+ Kh7 46. Qd1 $1 {[%cal Rd1b3]} Qb7 $36 {[%mdl 2048] White is under pressure.} 47. Rc2 Rxb2 48. Qd3 {[#]} (48. Qe2 $1 $11 Rb3 49. Kh2) 48... Rb3 $1 $17 {[%cal Rb3d3]} 49. Rc7 {[#]} Rb2+ ({Much worse is} 49... Rxd3 $6 50. Rxb7 Ra3 51. Ne5 $11) (49... Qxc7 $6 50. Qxb3 Qa7 51. Qb2 $11) (49... Qb6 $1 $17 {[%cal Rb6f2]} 50. Rxf7+ Kg8 51. Qxe4 Rb2+ 52. Kh1 Rb1+ 53. Ne1 (53. Kg2 Qb2+ 54. Nd2 Qxd2+ 55. Kf3 Rb3+ 56. Qe3 Qxe3+ 57. Kg2 Qe2+ 58. Kh1 Rb1#) 53... Kxf7) 50. Rc2 $11 Rb4 51. g4 (51. Kh2 $11 {keeps the balance.}) 51... Rb3 $17 52. Rc7 Rb2+ ({Stronger than} 52... Rxd3 53. Rxb7 Kg8 54. Ne5 $14) (52... Qxc7 $17 53. Qxb3 Qxf4) 53. Rc2 $15 Rb3 (53... Rb4 $15 54. Kh2 Rb3) 54. Rc7 $1 $17 {[%cal Rc7b7]} Qb6 ({Inferior is} 54... Rxd3 55. Rxb7 Kg8 56. Ne5 $14) (54... Qxc7 $17 55. Qxb3 Qxf4) 55. Rxf7+ $11 Kg8 {( -> ...Qf2+)} 56. Qxe4 {[%cal Re4e8]} Rb2+ 57. Kh1 {[%cal Re4e8]} Rb1+ 58. Kg2 {[%cal Re4e8]} Rb2+ 59. Kh1 {[%cal Re4e8]} Kxf7 {[%mdl 4096] Endgame KQR-KQN} 60. g5 Rb1+ 61. Kg2 Rb2+ 62. Kh1 Qd6 {And now ...hxg5 would win.} 63. f5 (63. gxh6 $11 {remains equal.} Qd1+ 64. Ng1) 63... Qd1+ (63... hxg5 $17 {White must now prevent ...Kg7.} 64. fxg6+ Kg7) 64. Ng1 Qd6 {[%csl Gb2][%cal Rd6h2]} 65. fxg6+ Qxg6 66. Qd5+ Qe6 67. Qf3+ Kg6 68. gxh6 $1 Qe5 {[%csl Gb2][%cal Re5h2]} (68... Kxh6 $2 69. Qf4+ Kh5 70. Qf3+ Kh6 71. Qf4+ Kg6 72. Qg3+ Kf7 73. Qf4+ Qf6 74. Qc4+ Kg7 75. Qc7+ Kg6 76. Qg3+ Kh5 77. Qc7 $19) 69. Qd3+ Kxh6 {[%csl Gb2][%cal Re5h2]} 70. Nf3 Qf4 {aiming for ...Qc1+.} 71. Qc3 Rb1+ 72. Kg2 Rb8 {Accuracy: White = 42%, Black = 46%.} 1/2-1/2

[Event "3rd Sharjah Masters 2019"]
[Site "Sharjah"]
[Date "2019.03.29"]
[Round "8.24"]
[White "Lorparizangeneh, Shahin"]
[Black "Dhulipalla Bala Chandra Prasa"]
[Result "1-0"]
[WhiteElo "2493"]
[BlackElo "2384"]
[Annotator "TA"]
[PlyCount "76"]
[EventDate "2019.03.22"]
[EventType "swiss"]
[EventCountry "UAE"]
[SourceTitle "playchess.com"]
[Source "ChessBase"]
[SourceQuality "1"]

{[%evp 9,76,9,13,18,12,10,33,35,35,35,32,36,38,6,3,0,0,0,7,4,5,25,14,0,44,35,31,31,57,35,48,24,114,106,108,101,110,115,113,105,164,155,233,235,231,235,385,383,386,391,383,383,370,340,346,333,404,390,451,457,462,450,377,388,473,470,484,483,611]} 1. d4 d5 2. Nf3 e6 3. g3 b5 4. Qd3 b4 $146 ({Predecessor:} 4... Ba6 5. Bg2 Nf6 6. Bg5 c5 7. c3 Nbd7 8. a4 Qb6 9. axb5 Bxb5 10. Qc2 h6 11. Be3 {½-½ (33) Alekseev,E (2691)-Galkin,A (2597) Irkutsk 2010}) 5. c4 bxc3 6. Nxc3 {D02: 1 d4 d5 2 Nf3 sidelines, including 2...Nf6 3 g3 and 2...Nf6 3 Bf4} Nf6 7. Bg2 Be7 8. O-O {White is slightly better.} O-O 9. Rd1 Bb7 10. Na4 Nbd7 11. Be3 Bc6 12. Nc3 Bb7 13. Na4 Bc6 14. Qc2 Bxa4 15. Qxa4 c5 16. Rac1 $36 {[%cal Rd4c5][%mdl 2048] White is more active.} c4 17. b3 Nb6 18. Qa6 Nfd7 19. Nd2 {[%cal Rb3c4]} cxb3 20. Nxb3 Nc4 {[#]} (20... Rc8 $11 {keeps the balance.}) 21. Rxc4 $1 $16 dxc4 22. Bxa8 cxb3 23. Bg2 b2 {[#]} 24. Rb1 $1 Qb8 (24... Qb6 $16 25. Qxb6 Nxb6) 25. Bb7 $18 Bf6 (25... Bd8 $16 26. Qc6 (26. Rxb2 Bb6 $16) 26... Qc7) 26. Rxb2 Nb6 27. Rb5 Bd8 (27... h6 {was necessary.} 28. Bf4 Qd8 29. Qxa7 Nc4) 28. Bf4 Bc7 29. Bxc7 Qxc7 30. Qxa7 Nd7 31. Qa3 Qc4 32. Qb2 h5 33. Rxh5 e5 34. dxe5 Rb8 {Black hopes to continue with ...Qc7.} 35. Rh4 Qc7 36. Rb4 Nxe5 37. Bd5 Rd8 38. Rb5 Qe7 {Accuracy: White = 90%, Black = 51%.} 1-0

[Event "3rd Sharjah Masters 2019"]
[Site "Sharjah"]
[Date "2019.03.29"]
[Round "8.25"]
[White "Raja Rithvik R"]
[Black "Iniyan, P."]
[Result "1/2-1/2"]
[WhiteElo "2423"]
[BlackElo "2487"]
[Annotator "TA"]
[PlyCount "76"]
[EventDate "2019.03.22"]
[EventType "swiss"]
[EventCountry "UAE"]
[SourceTitle "playchess.com"]
[Source "ChessBase"]
[SourceQuality "1"]

{[%evp 12,76,0,-3,35,8,22,21,21,23,25,18,27,21,37,55,57,43,51,28,35,30,30,27,33,28,31,33,30,34,45,34,35,0,31,25,55,60,54,53,75,49,70,6,16,0,8,0,0,0,0,0,0,0,0,0,4,4,4,0,4,0,0,0,0,0,0]} 1. d4 Nf6 2. Bg5 d5 3. Bxf6 exf6 4. e3 Bd6 5. c4 dxc4 6. Bxc4 O-O 7. Nc3 c5 {D00: 1 d4 d5: Unusual lines} (7... Nd7 8. Nge2 f5 9. O-O Nf6 10. Rc1 c6 11. a3 Qe7 12. Qc2 Be6 13. Bxe6 Qxe6 14. h3 Rfe8 15. Rfd1 Rad8 {½-½ (61) Adams,M (2744)-Hebden,M (2467) London 2016}) 8. Nf3 Nc6 9. dxc5 Bxc5 10. O-O Bg4 $146 ({Predecessor:} 10... Be6 11. Qxd8 Rfxd8 12. Be2 {½-½ (45) Zalewska,K (1360)-Stebel,A (1616) Szczyrk 2014}) 11. h3 Be6 12. Qe2 Bxc4 13. Qxc4 Bd6 14. Rfd1 {[#] aiming for Nb5.} Qe7 15. Rac1 {[%cal Ba1c1,Bc1c3,Bc3d3][%mdl 32]} Rac8 16. Nd5 Qe6 17. Qb5 a6 18. Qb6 h6 19. Rc3 Rb8 20. Rcd3 Rfd8 21. Nf4 Qe7 22. Nd5 Qe6 23. a3 Rd7 24. Nf4 Qe7 25. Nd4 Nxd4 $1 26. Qxd4 Rbd8 27. Nd5 (27. Qa4 $14) 27... Qe6 $1 $11 {The position is equal.} 28. b4 Kh8 29. Qc4 b5 30. Qa2 Bb8 31. Qb3 Ba7 32. R1d2 Bb8 33. Qd1 Be5 34. h4 f5 35. g3 Rd6 36. Qf3 g6 37. Kg2 R8d7 38. Kg1 h5 {Accuracy: White = 65%, Black = 77%.} 1/2-1/2

[Event "3rd Sharjah Masters 2019"]
[Site "Sharjah"]
[Date "2019.03.29"]
[Round "8.26"]
[White "Bharath Subramaniyam H"]
[Black "Mendonca, Leon Luke"]
[Result "1/2-1/2"]
[WhiteElo "2301"]
[BlackElo "2446"]
[Annotator "TA"]
[PlyCount "82"]
[EventDate "2019.03.22"]
[EventType "swiss"]
[EventCountry "UAE"]
[SourceTitle "playchess.com"]
[Source "ChessBase"]
[SourceQuality "1"]

{[%evp 12,82,20,14,30,0,10,17,18,14,10,11,10,15,15,12,13,12,13,14,17,22,20,29,26,19,35,31,45,45,43,35,53,56,52,27,57,50,50,48,44,42,62,57,65,25,27,30,24,31,29,30,31,38,33,3,2,0,0,0,5,0,0,0,0,0,0,0,0,0,0,0,0]} 1. e4 c5 2. c3 d5 3. exd5 Qxd5 4. d4 Nf6 5. Nf3 Bg4 6. Nbd2 e6 7. Bc4 Qd7 {B22: Sicilian: 2 c3} 8. Qb3 {Black should prevent Ne5.} (8. h3 Bxf3 9. Nxf3 Nc6 10. Ne5 Nxe5 11. dxe5 Qxd1+ 12. Kxd1 O-O-O+ 13. Kc2 Nd5 14. a4 Be7 15. h4 {1-0 (45) Adhiban,B (2666)-Nitin,S (2415) Lucknow 2016}) 8... Nc6 {[%cal Rc5d4]} 9. Ne5 Qc7 $1 10. Bb5 {Threatening Qa4.} cxd4 11. Ndc4 Bd6 12. cxd4 {[#] Threatens to win with Bxc6+.} O-O 13. Bxc6 $1 bxc6 14. Bg5 {And now Bxf6 would win.} Bf5 {[#]} 15. O-O $146 ({Predecessor:} 15. Bxf6 gxf6 16. Nxd6 Qxd6 {½-½ (47) Mukhametov,E (2505)-Savon,V (2435) Spasskoe 1996}) 15... Rab8 16. Qf3 Nd5 {[#] ...f6 is the strong threat.} 17. Nxd6 Qxd6 18. Nc4 Qb4 19. b3 f6 20. Bd2 Qe7 21. Rac1 Rbc8 22. Rfe1 Rfd8 23. Qe2 c5 24. dxc5 Rxc5 25. g4 Bg6 26. Qxe6+ Qxe6 27. Rxe6 Bd3 28. Ree1 Bxc4 29. Rxc4 Rxc4 30. bxc4 $11 {[%mdl 4096] Endgame KRB-KRN} Nb6 31. Be3 Nxc4 32. Bxa7 Ne5 {aiming for ...Nf3+.} 33. Re4 Ra8 {The position is equal.} 34. Be3 Rxa2 35. Kg2 Rc2 36. g5 Rc4 37. Rxc4 Nxc4 38. gxf6 gxf6 39. Kf3 Kf7 40. Kf4 Kg6 41. Bd4 Nd6 {Accuracy: White = 66%, Black = 68%.} 1/2-1/2

[Event "3rd Sharjah Masters 2019"]
[Site "Sharjah"]
[Date "2019.03.29"]
[Round "8.27"]
[White "Priyanka Nutakki"]
[Black "Debashis, Das"]
[Result "0-1"]
[WhiteElo "2297"]
[BlackElo "2532"]
[Annotator "TA"]
[PlyCount "84"]
[EventDate "2019.03.22"]
[EventType "swiss"]
[EventCountry "UAE"]
[SourceTitle "playchess.com"]
[Source "ChessBase"]
[SourceQuality "1"]

{[%evp 17,84,4,3,0,14,4,20,15,26,6,51,36,60,20,23,20,52,23,38,0,6,0,-7,-25,0,-4,0,-45,-48,-45,-47,-95,-104,-96,-80,-85,-81,-102,-107,-137,-122,-129,-119,-275,-264,-277,-262,-353,-303,-398,-382,-465,-451,-406,-404,-545,-539,-614,-614,-586,-543,-574,-554,-604,-604,-585,-584,-625,-570]} 1. c4 Nf6 2. Nc3 e6 3. e4 d5 4. e5 d4 5. exf6 dxc3 6. bxc3 Qxf6 7. Nf3 b6 {A18: English Opening: Flohr-Mikenas System (1 c4 Nf6 2 Nc3 e6 3 e4)} 8. g3 (8. d4 Bb7 9. Bd3 h6 10. O-O Bd6 11. Nd2 O-O 12. Re1 Qh4 13. h3 c5 14. Ne4 Bc7 15. Rb1 Nd7 16. Nxc5 Nxc5 17. dxc5 {½-½ (26) Radjabov,T (2751)-Wojtaszek,R (2727) Batumi 2018}) 8... Bb7 9. Bg2 Bd6 {LiveBook: 5 Games. The position is equal.} 10. O-O Nd7 $146 ({Predecessor:} 10... O-O 11. a4 Nc6 12. Nd4 Na5 13. Bxb7 Nxb7 14. Nc6 Nd8 15. Nd4 Nb7 16. Nc6 Nd8 17. Nd4 {½-½ (17) Slipak,S (2457)-Lopez Azambuja,N (2325) Montevideo 2018}) 11. d4 Qe7 12. a4 O-O 13. Re1 h6 14. a5 Rab8 15. axb6 axb6 16. Ra7 Ba8 17. Re2 Rfe8 18. Ne1 Bxg2 19. Kxg2 Ra8 20. Qa4 Rxa7 21. Qxa7 Qd8 22. f4 Qa8+ 23. Qxa8 Rxa8 24. Nc2 Ra4 25. Ne3 g6 26. Kf3 f5 27. Bb2 Kf7 28. h3 Nf6 29. g4 h5 30. d5 $2 {[#]} (30. Rc2 $17 {keeps fighting.}) 30... fxg4+ $1 $19 31. hxg4 {[#]} exd5 $1 32. g5 Nd7 33. Nxd5 Rxc4 34. Re4 Rxe4 35. Kxe4 {[%mdl 4096] Endgame KBN-KBN} Ke6 {And now ...Nc5+ would win.} 36. c4 c6 {Black is clearly winning.} 37. Ne3 Nc5+ 38. Kf3 {[#]} Bxf4 $1 {[%mdl 512]} 39. Nc2 (39. Kxf4 Nd3+) 39... Bxg5 40. Nd4+ Kd7 41. Ne2 Ne6 42. Ng3 Be7 {Precision: White = 28%, Black = 74%.} 0-1

[Event "3rd Sharjah Masters 2019"]
[Site "Sharjah"]
[Date "2019.03.29"]
[Round "8.28"]
[White "Venkatesh, M.R."]
[Black "Amdouni, Zoubaier"]
[Result "1-0"]
[WhiteElo "2517"]
[BlackElo "2275"]
[Annotator "TA"]
[PlyCount "82"]
[EventDate "2019.03.22"]
[EventType "swiss"]
[EventCountry "UAE"]
[SourceTitle "playchess.com"]
[Source "ChessBase"]
[SourceQuality "1"]

{[%evp 12,82,36,38,53,46,45,43,35,38,71,60,71,41,93,86,112,77,85,72,137,133,134,131,146,146,145,145,145,145,152,145,145,145,145,135,139,138,154,139,154,94,106,108,418,405,467,476,472,472,526,470,580,472,669,631,610,607,591,595,648,647,799,793,770,760,708,707,1036,1028,995,995,1145]} 1. e4 c5 2. Be2 Nc6 3. f4 d5 4. d3 dxe4 5. dxe4 Qxd1+ 6. Bxd1 {B21: Sicilian: 2 f4 and Morra Gambit} Nf6 7. Nc3 {LiveBook: 4 Games} (7. e5 Nd5 8. c3 Bf5 9. Na3 g5 10. fxg5 Nxe5 11. Ba4+ Bd7 12. Bxd7+ Kxd7 13. Ke2 {1-0 (57) Chigaev,M (2551)-Alekseev,E (2636) Sochi 2016}) 7... Bg4 {Threatening ...Bxd1.} 8. Be3 {White is slightly better.} e6 9. h3 Bxd1 10. Rxd1 c4 $146 {Black wants to play ...Bb4.} ({Predecessor:} 10... Nb4 11. Rd2 Rd8 12. Nf3 Be7 13. g4 Rxd2 14. Kxd2 {1-0 (44) Khusnutdinov,R (2510)-Yuan,Q (2359) Al Ain 2015}) 11. a3 Nd7 12. Nb5 {[#] And now Nc7+ would win.} O-O-O (12... Rc8 $14) 13. Nf3 $36 {[%mdl 2048] White is really pushing.} ({Much weaker is} 13. Nxa7+ Nxa7 14. Bxa7 b6 $15) (13. Bxa7 $6 b6 $11) 13... Bc5 14. Bxc5 Nxc5 15. Nd6+ Rxd6 ({Better is} 15... Kc7 16. e5 (16. Nxf7 Rxd1+ 17. Kxd1 Rf8 $15) 16... f6) 16. Rxd6 Nxe4 17. Rd1 c3 18. b4 Ne7 19. Ng5 Nxg5 20. fxg5 {[%mdl 4096] Endgame KRR-KRN} Nd5 21. Ke2 Kd7 22. Rhf1 Ke7 23. Rd4 h6 24. Rh4 e5 25. g3 Ke6 26. Rf3 ({White should play} 26. Rd1) 26... b5 27. gxh6 g5 $2 {[%mdl 8192] [#]} (27... gxh6 $16 {is tougher.} 28. Rh5 f6) 28. Rh5 $18 e4 29. Rf1 {White is clearly winning.} f6 30. h4 Rh7 31. Rf2 a6 32. Rf1 Ne7 (32... gxh4 $142 33. g4 (33. gxh4 Ne7 $18) 33... Nb6) 33. hxg5 fxg5 34. Rxg5 Rxh6 35. Ke3 Rh2 36. Kxe4 Rxc2 37. Re5+ Kd6 38. Rf6+ Kd7 39. Kd3 Rg2 40. Rf7 Kd6 41. Rexe7 Kd5 {Precision: White = 88%, Black = 42%.} 1-0

[Event "3rd Sharjah Masters 2019"]
[Site "Sharjah"]
[Date "2019.03.29"]
[Round "8.29"]
[White "Koniahli, Malek."]
[Black "Karthik, Venkataraman"]
[Result "0-1"]
[WhiteElo "2294"]
[BlackElo "2494"]
[Annotator "TA"]
[PlyCount "108"]
[EventDate "2019.03.22"]
[EventType "swiss"]
[EventCountry "UAE"]
[SourceTitle "playchess.com"]
[Source "ChessBase"]
[SourceQuality "1"]

{[%evp 15,108,26,12,9,19,13,12,13,12,1,16,-6,-16,-18,-25,-10,-11,-8,-16,-16,-21,-45,-6,-20,0,0,0,-20,-20,-18,-1,-25,-26,-41,-13,-6,-10,-16,-12,-52,-16,-62,-63,-59,-58,-144,-144,-122,-114,-141,-132,-146,-144,-115,-137,-343,-269,-432,-432,-429,-432,-432,-429,-429,-429,-432,-427,-698,-631,-847,-808,-29970,-4778,-6275,-5577,-29988,-533,-29985,-29986,-29995,-29993,-29993,-29994,-29994,-29995,-29995,-29995,-29996,-29995,-29996,-29995,-29996,-29995,-29996,-29995]} 1. e4 c5 2. Nf3 d6 3. d4 Nf6 4. Nc3 cxd4 5. Nxd4 a6 6. g3 g6 7. Bg2 Bg7 8. O-O O-O 9. Qe2 {B91: Sicilian Najdorf: 6 g3} (9. b3 Bd7 10. Bb2 Nc6 11. Nd5 Re8 12. c4 Nxd5 13. exd5 Nxd4 14. Bxd4 b5 15. Bxg7 Kxg7 16. Qd4+ Kg8 17. Rfc1 {½-½ (32) Nakamura,H (2781)-Nepomniachtchi,I (2729) London 2017}) 9... Bg4 $146 ({Predecessor:} 9... Qc7 10. f4 Qb6 11. e5 dxe5 12. fxe5 Qxd4+ 13. Be3 Qxe5 14. Rae1 Qc7 15. Bd4 Be6 16. Kh1 Nbd7 {0-1 (41) Maroslavac,I (1837)-Lijic,K (1652) Trogir 2016}) 10. f3 Bd7 11. Be3 {The position is equal.} Nc6 12. Rad1 Qc7 13. Kh1 Rac8 14. Nxc6 Bxc6 15. Bd4 b5 {White should prevent ...e5.} 16. a3 Qb7 17. Na2 {[%cal Bc3a2,Ba2c1,Bc1b3][%mdl 32]} a5 18. Qd2 Ra8 (18... e5 $5 {[%cal Re5d4]} 19. Bc3 d5 20. exd5 Bxd5 $11) 19. Bc3 Qc7 20. Nc1 Nd7 21. Nb3 {[%cal Rc3a5]} Bxc3 22. Qxc3 Rfc8 23. Bh3 Qb6 24. Nd4 e5 25. Nxc6 Rxc6 26. Qd3 Nf6 27. f4 Qc5 28. f5 g5 29. Bg2 h6 30. c3 ({Better is} 30. Rd2 $1 $15) 30... b4 $17 31. axb4 axb4 32. Rc1 Ra2 33. Qb1 b3 {Hoping for ...Qe3.} 34. Rce1 {[#]} Ng4 $1 {[%cal Rg4f2] Threatens to win with ...Nf2+.} 35. Bf3 $2 (35. Re2 $17) 35... Ne3 $19 36. Rf2 $2 (36. Rg1 {only move.}) 36... Rca6 37. Rfe2 Nc2 38. Rxc2 bxc2 39. Qxc2 Rb6 40. Re2 Qb5 ({Don't do} 40... Ra1+ 41. Kg2 $19) 41. Qd1 (41. Qc1 $142) 41... Rxb2 {[#] aiming for ...Rb1.} 42. Rxb2 Qxb2 {[%mdl 4096] Endgame KQR-KQB} 43. Qa4 Rb8 (43... Qc1+ $142 44. Qd1 Qxd1+ 45. Bxd1 Rb1 46. Kg2 Rxd1 47. Kf3 Rd3+ 48. Ke2 Rxc3 49. Kd2 Ra3 50. Ke1 g4 51. Kf2 Ra2+ 52. Kg1 Re2 53. Kh1 Rxe4 54. h3 h5 55. Kg1 d5 56. hxg4 hxg4 57. Kf2 d4 58. f6 d3 59. Kf1 d2 60. Kg1 d1=Q+ 61. Kh2 Re2#) 44. Kg1 Qd2 {( -> ...Rb2)} 45. Bd1 Kg7 (45... Rb2 $142 46. Bc2 Rxc2 47. Qxc2 Qxc2 48. c4 Qxe4 49. Kf2 g4 50. f6 Qd4+ 51. Ke2 e4 52. Ke1 e3 53. Kf1 Qd2 54. Kg1 Qf2+ {[%mdl 64] Double Attack} 55. Kh1 Qf1#) 46. Bb3 Qxc3 {Black mates.} 47. Bxf7 Qe1+ 48. Kg2 Rb2+ 49. Kh3 Qf1+ 50. Kg4 Qe2+ 51. Kh3 Qxh2+ 52. Kg4 Qe2+ 53. Kh3 g4+ 54. Kh4 Qf3 {Accuracy: White = 28%, Black = 74%.} 0-1

[Event "3rd Sharjah Masters 2019"]
[Site "Sharjah"]
[Date "2019.03.29"]
[Round "8.30"]
[White "Sundararajan, Kidambi"]
[Black "Jeet, Jain"]
[Result "0-1"]
[WhiteElo "2413"]
[BlackElo "2219"]
[Annotator "TA"]
[PlyCount "26"]
[EventDate "2019.03.22"]
[EventType "swiss"]
[EventCountry "UAE"]
[SourceTitle "playchess.com"]
[Source "ChessBase"]
[SourceQuality "1"]

{[%evp 9,26,0,0,-8,12,12,22,26,30,29,29,23,40,30,28,0,0,0,0]} 1. c4 e6 2. g3 d5 3. Bg2 Nf6 4. Nf3 dxc4 5. O-O a6 6. Qc2 {A13: English Opening: 1...e6} Nbd7 7. a4 Rb8 (7... Nb6 8. a5 Nbd5 9. Qxc4 b5 10. axb6 cxb6 11. Nc3 Bb7 12. d4 b5 13. Qb3 Be7 {½-½ (67) Adhiban,B (2695)-Jumabayev,R (2602) Makati 2018}) 8. Qxc4 b5 9. axb5 axb5 10. Qc2 Bb7 11. Nc3 $146 ({Predecessor:} 11. d4 c5 12. dxc5 Bxc5 13. Bf4 Rc8 14. Qd3 {½-½ (36) Nikolaou,G (2268)-Kourkoulos Arditis,S (2171) Athens 2013}) 11... c5 12. d4 Bxf3 13. Bxf3 {[#] Bf4 is the strong threat.} cxd4 {[%mdl 32768] Loss on time!?} 0-1

[Event "3rd Sharjah Masters 2019"]
[Site "Sharjah"]
[Date "2019.03.29"]
[Round "8.31"]
[White "Divya Deshmukh"]
[Black "Akash G"]
[Result "1/2-1/2"]
[WhiteElo "2266"]
[BlackElo "2411"]
[Annotator "TA"]
[PlyCount "150"]
[EventDate "2019.03.22"]
[EventType "swiss"]
[EventCountry "UAE"]
[SourceTitle "playchess.com"]
[Source "ChessBase"]
[SourceQuality "1"]

{[%evp 22,150,45,34,41,40,45,43,39,41,56,17,47,48,50,0,0,2,37,0,0,-39,-29,-46,-36,-66,-67,-76,-77,-105,-27,-124,-131,-137,-119,-128,-115,-122,-115,-107,-111,-102,-89,-85,-85,-85,-52,-52,-52,-52,-52,-52,-52,-52,-52,-52,-52,-56,-12,-32,0,-9,0,0,0,0,0,0,0,0,0,-11,0,-7,0,0,0,0,0,0,0,0,0,0,6,0,0,0,0,0,0,0,104,104,94,104,103,104,116,97,158,135,135,135,135,135,135,129,135,132,182,181,196,85,85,85,85,85,85,85,86,85,85,85,85,85,85,85,85,85,85]} 1. e4 e5 2. Nf3 Nc6 3. Bb5 a6 4. Ba4 Nf6 5. O-O Be7 6. Re1 b5 7. Bb3 d6 8. c3 O-O 9. h3 Nb8 10. d4 Nbd7 11. c4 c6 12. Nc3 Qc7 {C95: Closed Ruy Lopez: Breyer Variation with 10 d4} 13. Qc2 Bb7 {[#]} 14. Bg5 $146 ({Predecessor:} 14. a3 Rac8 15. Ba2 Nb6 16. c5 Nbd7 17. dxe5 Nxe5 18. Nxe5 dxe5 19. b4 a5 {1-0 (48) Wang,H (2713)-Hilverda,A (2364) Karlsruhe 2018}) 14... h6 {...bxc4 is the strong threat.White is slightly better.} 15. Be3 Rfe8 16. a3 Bf8 17. Rac1 Rac8 18. Qb1 exd4 19. Bxd4 Ne5 20. Bxe5 dxe5 21. Nh4 b4 22. axb4 Bxb4 23. Nf5 g6 24. Ne3 Rcd8 25. Re2 Rd4 (25... a5 $17) 26. Na2 (26. Nc2 $1 $11 {keeps the balance.}) 26... Bc5 $17 27. Bc2 a5 28. Rd1 Bc8 29. Nc1 Rxd1+ 30. Bxd1 Be6 31. Ba4 Rb8 32. Qc2 Bd4 33. b3 Qb6 34. Nf1 Nd7 35. Nd3 Nc5 36. Nxc5 Bxc5 37. Nd2 f6 38. Nf3 Kf7 39. Rd2 g5 40. Qd1 Qc7 41. Rd3 Rg8 42. Nh2 Kg6 43. Nf1 Qb6 44. Qe2 h5 45. Ng3 g4 46. h4 Bd4 47. Qd2 Rd8 48. Kf1 Rf8 49. Nf5 Bxf5 50. exf5+ Kh7 51. Qe2 Rd8 52. Qe4 c5 53. f3 Rg8 54. Qd5 Qc7 {aiming for ...e4!} 55. Bd7 $36 {[%mdl 2048] Threatening mate with Qf7+. Black is under pressure.} Rg7 56. Be8 gxf3 (56... Qb8 $11 {remains equal.} 57. Bg6+ (57. Bxh5 a4 $11) 57... Kh8) 57. Bg6+ $1 $16 Kh8 58. Qa8+ ({Much worse is} 58. Rxf3 Qb8 $11) 58... Rg8 59. Qxf3 Kg7 60. Bxh5 e4 (60... Rb8 $142) 61. Qg3+ Qxg3 62. Rxg3+ Kh8 {[#]} 63. Rxg8+ $1 Kxg8 {[%mdl 4096] Endgame KB-KB} 64. Be8 Be5 65. Kf2 e3+ 66. Kxe3 Bg3 67. Ke4 (67. h5 $18 {and the rest is easy.}) 67... Bxh4 {White is better.} 68. Kd5 Bf2 69. Kc6 Kg7 70. Kb5 Kh6 71. g4 Kg5 {[#]} 72. Bh5 $1 Be3 73. Kxa5 Bd2+ 74. Kb6 Bb4 75. Kc6 Ba3 {Accuracy: White = 68%, Black = 50%.} 1/2-1/2